• AIU
  • Tony Wilmot Memorial Library

The use of Hebel in Ecclesiastes / (Record no. 11590)

MARC details
000 -LEADER
fixed length control field 00523nam a22001691a 4500
003 - CONTROL NUMBER IDENTIFIER
control field NEGST
005 - DATE AND TIME OF LATEST TRANSACTION
control field 20110718122230.0
008 - FIXED-LENGTH DATA ELEMENTS--GENERAL INFORMATION
fixed length control field 030618s1978 001 0 eng d
100 1# - MAIN ENTRY--PERSONAL NAME
Personal name Cover, Robin.
245 14 - TITLE STATEMENT
Title The use of Hebel in Ecclesiastes /
Statement of responsibility, etc Robin Cover.
260 ## - PUBLICATION, DISTRIBUTION, ETC. (IMPRINT)
Place of publication, distribution, etc [S.l.] :
Name of publisher, distributor, etc [s.n.],
Date of publication, distribution, etc 1978.
300 ## - PHYSICAL DESCRIPTION
Extent 93p.
500 ## - GENERAL NOTE
General note Thesis (M.Th.) Dallas Theological Seminary, 1978. Includes bibliography.
590 ## - LOCAL NOTE (RLIN)
Local note Accession number: 20681
630 00 - SUBJECT ADDED ENTRY--UNIFORM TITLE
Uniform title Bible. O.T. Ecclesiastes
General subdivision Language, Style.
Holdings
Withdrawn status Lost status Source of classification or shelving scheme Damaged status Not for loan Collection code Home library Current library Shelving location Date acquired Cost, normal purchase price Total Checkouts Full call number Barcode Date last seen Copy number Price effective from Koha item type
    Library of Congress Classification     General Circulation AIU/NEGST - Tony Wilmot Memorial Library AIU/NEGST - Tony Wilmot Memorial Library General Stacks 09/30/2009 8.00   BS 1475.C68 1978 R01285P3232 09/26/2019 1 09/30/2009 Books